| 000 | 00384nam a2200157Ia 4500 | ||
|---|---|---|---|
| 008 | 230917s9999||||xx |||||||||||||| ||und|| | ||
| 020 | _cRS150 | ||
| 040 |
_e34179 _aMAIN |
||
| 041 | _aEnglish | ||
| 082 | _a891.43174109 BH39:PR | ||
| 100 | _aPandey, Ram Sajan | ||
| 245 | 0 | _aKavivar Dr. Hermehander Singh Bedi | |
| 260 |
_aDelhi _bNirmla _c2001 |
||
| 300 | _a131 p. | ||
| 942 | _cBK | ||
| 999 |
_c112483 _d112483 |
||